| 000 | 00879nam a2200241 a 4500 | ||
|---|---|---|---|
| 001 | BRCA_1631 | ||
| 005 | 20190320203503.0 | ||
| 008 | 021213s2002 sp-a---##b---#000-0#spa-d | ||
| 020 | _a8477828989 | ||
| 040 |
_aDLC _cDLC _dDLC |
||
| 041 |
_aspa _heng |
||
| 050 | 4 |
_aN7105 _b.I73 2002 |
|
| 245 | 1 | 0 |
_aIsabel la Católica _breina de Castilla _cedición a cargo de Pedro Navascués Palacio ; autores, Arturo Alvarez ... [et al.]. |
| 260 |
_aEspaña _bLunwerg _cc2002. |
||
| 300 |
_a501 p. _bil. a color _c30 cm. _e1 vol. en inglés : p. 88 |
||
| 504 | _aIncluye referencias bibliográficas | ||
| 600 | 1 | 4 |
_aIsabel _bI _cReina de España _d1451-1504 _95106 |
| 650 | 1 | 4 |
_aArte español _ySiglo XV _95107 |
| 650 | 1 | 4 |
_aArte renacimiento _zEspaña _95108 |
| 651 | 4 |
_aEspaña _xHistoria _yFerdinand and Isabella, 1479-1516 _95109 |
|
| 700 | 1 |
_aNavascués Palacio, Pedro _95110 |
|
| 942 |
_2lcc _cB |
||
| 999 |
_c1436 _d1436 |
||